Popoluška

Bibliographic Details
Main Authors: Disney, Walt, 1901-1966 (Author, Illustrator), Cmíral, Pavel, 1945- (Adapter)
Format: Book
Language:Slovak
English
PhysicalDescription:64 strán ilustrované listy 29 cm
Published: Praha Egmont ČR, s.r.o. 2005
ISBN:8025202283
Edition:Prvé vydanie
Subjects:

MARC

LEADER 00000cam a2200000 4500
001 vtls008687910
003 SK-MaSNL
005 20260301021651.0
008 060405s2005 xo af br 000 j slo
020 |a 8025202283  |q (viazané) 
040 |a SNK  |b slo  |c SNK  |e rda 
041 1 |a slo  |h eng 
044 |a xo  |c SK 
072 7 |a 821-93  |x Literatúra pre deti a mládež (beletria)  |2 konspekt 
072 7 |a 821.111(73)-3  |x Americká próza  |2 konspekt 
080 |a 821.111(73)-34  |2 2011 
080 |a 82-34:808.1  |2 2011 
080 |a 82-93-053.4/.5  |2 2011 
100 1 |a Disney, Walt,  |d 1901-1966  |4 aut  |4 ill  |9 228783 
245 1 0 |a Popoluška  |c Walt Disney ; rozpráva Pavel Cmíral 
250 |a Prvé vydanie 
260 |a Praha  |b Egmont ČR, s.r.o.  |c 2005 
300 |a 64 strán  |b ilustrované listy  |c 29 cm 
336 |a text  |b txt  |2 rdacontent 
336 |a statický obraz  |b sti  |2 rdacontent 
337 |a bez média  |b n  |2 rdamedia 
338 |a zväzok  |b nc  |2 rdacarrier 
500 |a Preložené z angličtiny 
655 7 |a americké rozprávky  |2 SNKPH  |9 82283 
655 7 |a literatúra pre deti a mládež  |2 SNKPH  |9 189378 
655 7 |a autorské rozprávky  |2 SNKPH  |9 70727 
655 7 |a American fairy tales  |2 SNKPHeng  |9 311017 
655 7 |a Author fairy tales  |2 SNKPHeng  |9 283778 
655 7 |a Children's and juvenile literature  |2 SNKPHeng  |9 212725 
700 1 |a Cmíral, Pavel,  |d 1945-  |4 adp  |9 151561 
852 |a Slovenská národná knižnica 
919 |a 80-252-0228-3 
954 |a beletria cudzojazyčná (svetová)  |2 lita 
958 |a DB 
958 |a LX 
958 |a UP 
999 |c 565821  |d 567751 
952 |a SNK  |b SNK  |y NEVYP  |7 1  |p 17A1537114  |o snkSB 101815  |i snk2025/10569  |8 7  |0 0  |1 0  |4 0  |d 2025-07-04  |l 0  |r 2026-02-23 13:57:12  |w 2026-02-23